000 00640nam a2200217 4500
003 OSt
005 20260601193846.0
008 260508b2006 mx a|||| |||| 00| 0 spa d
040 _aICI
_bspa
_cICI
041 _aspa
050 _aN6768.5.B74
_bC36 2006
245 1 _aDe cambios e intercambios :
_b Import export /
_cClive Bruton
264 _aMéxico:
_bMuseo Franz Mayer México • British Council,
_c2006
300 _bilustraciones
336 _atexto
_2rdacontent
337 _asin medio
_2rdamedia
338 _avolumen
_2rdacarrier
650 _aArt, British
_931449
700 _aBruton, Clive,
_eDir.
_931450
942 _2lcc
_cB
_n1
999 _c21642
_d21642